00805nam a22001937a 450000500170000000800410001702000180005804000080007605000200008410000390010424500910014324600220023425000230025626000340027930000510031350000250036450502030038965000190059220231102152117.0191004b ||||| |||| 00| 0 spa d a9789707821873 aUIN 4aQA76 bG89 2008 aGuzmán Flores, Aideée , autor aInformática 1b : Interfaz para el aprendizaje constantec / Aideé Guzmán Flores aInformática Uno a4a. reimpresión  aMéxicob : Esfingec , 2008 a224 páginasb ; Ilustraciones blanco y negro aCuarta Reimpresión aUnidad 1. Introducción al estudio de la informática. Unidad 2. Introducción a los sistemas operativos. Unidad 3. Programas didácticos y programas de consulta. Unidad 4. Procesador de texto. 0aINFORMÁTICA